Comprehensive Classroom Management: (Record no. 5122)
[ view plain ]
| 000 -LEADER | |
|---|---|
| fixed length control field | 00577nam a22001817a 4500 |
| 005 - DATE AND TIME OF LATEST TRANSACTION | |
| control field | 20250324102132.0 |
| 008 - FIXED-LENGTH DATA ELEMENTS--GENERAL INFORMATION | |
| fixed length control field | 250324b |||||||| |||| 00| 0 eng d |
| 020 ## - INTERNATIONAL STANDARD BOOK NUMBER | |
| International Standard Book Number | 9781402906435 |
| 050 ## - LIBRARY OF CONGRESS CALL NUMBER | |
| Classification number | LB3013 |
| Item number | .J66 JON |
| 100 ## - MAIN ENTRY--PERSONAL NAME | |
| Personal name | Jones Vernon F. |
| 245 ## - TITLE STATEMENT | |
| Title | Comprehensive Classroom Management: |
| Remainder of title | Creating communities of support and solving problems/ |
| Statement of responsibility, etc. | Vernon F. Jones & Louise S. Jones |
| 250 ## - EDITION STATEMENT | |
| Edition statement | 6th Ed. |
| 260 ## - PUBLICATION, DISTRIBUTION, ETC. | |
| Place of publication, distribution, etc. | Boston |
| Name of publisher, distributor, etc. | Allyn and Bacon |
| Date of publication, distribution, etc. | 2001 |
| 300 ## - PHYSICAL DESCRIPTION | |
| Extent | xvi. 463p. |
| Other physical details | ill. |
| Dimensions | 22 cm |
| 650 ## - SUBJECT ADDED ENTRY--TOPICAL TERM | |
| Source of heading or term | Management |
| 700 ## - ADDED ENTRY--PERSONAL NAME | |
| Personal name | Jones Louise S. |
| 942 ## - ADDED ENTRY ELEMENTS (KOHA) | |
| Source of classification or shelving scheme | Library of Congress Classification |
| Koha item type | Books |
| Edition | 6th Ed. |
| Suppress in OPAC | No |
| 999 ## - | |
| -- | 5122 |
| -- | 5122 |
| Withdrawn status | Lost status | Source of classification or shelving scheme | Damaged status | Not for loan | Collection | Home library | Current library | Shelving location | Date acquired | Total checkouts | Full call number | Barcode | Date last seen | Copy number | Price effective from | Koha item type |
|---|---|---|---|---|---|---|---|---|---|---|---|---|---|---|---|---|
| Library of Congress Classification | Non-fiction | Business Library (Miotso) | Business Library (Miotso) | General stacks | 03/24/2025 | LB3013 .J66 JON | BSSM00001551 | 03/24/2025 | 1 | 03/24/2025 | Books |